[Event "Verbandsliga Nordbaden 1920"]
[Site "Baden"]
[Date "2019.09.29"]
[Round "1.7"]
[White "Welz, Thomas"]
[Black "Gogollok, Carsten"]
[Result "1/2-1/2"]
[WhiteElo "2170"]
[BlackElo "2005"]
[PlyCount "28"]
[EventDate "2019.09.29"]
[EventType "team-tourn"]
[EventRounds "9"]
[EventCountry "GER"]
[SourceTitle "EXT 2021"]
[Source "ChessBase"]
[SourceDate "2020.10.23"]
[SourceVersion "1"]
[SourceVersionDate "2020.10.23"]
[SourceQuality "1"]
[WhiteTeam "Eppingen II"]
[BlackTeam "Buchen II"]
[WhiteTeamCountry "GER"]
[BlackTeamCountry "GER"]

1. d4 d5 2. Nf3 c5 3. e3 e6 4. c4 Nf6 5. Nc3 Nc6 6. a3 a6 7. dxc5 Bxc5 8. b4 Be7 9. Bb2 0-0 10. Be2 dxc4 11. Bxc4 b5 12. Be2 Bb7 13. 0-0 Qb6 14. Qb3 Rfd8 1/2-1/2

[Event "Verbandsliga Nordbaden 1819"]
[Site "Baden"]
[Date "2019.03.31"]
[Round "8.8"]
[White "Gogollok, Carsten"]
[Black "Leibbrand, Udo Manfred"]
[Result "1/2-1/2"]
[WhiteElo "2005"]
[BlackElo "2036"]
[PlyCount "84"]
[EventDate "2018.10.14"]
[EventType "team-tourn"]
[EventRounds "9"]
[EventCountry "GER"]
[SourceTitle "EXT 2020"]
[Source "ChessBase"]
[SourceDate "2019.10.17"]
[SourceVersion "1"]
[SourceVersionDate "2019.10.17"]
[SourceQuality "1"]
[WhiteTeam "Buchen II"]
[BlackTeam "Pforzheim"]
[WhiteTeamCountry "GER"]
[BlackTeamCountry "GER"]

1. d4 Nf6 2. c4 e6 3. Nc3 Bb4 4. Nf3 b6 5. Bd2 Bb7 6. e3 c5 7. Be2 0-0 8. 0-0 cxd4 9. exd4 Be7 10. Rc1 d6 11. Re1 Nbd7 12. Bf4 a6 13. Bd3 d5 14. cxd5 Nxd5 15. Nxd5 Bxd5 16. Qe2 b5 17. Bc7 Qe8 18. Be4 Nf6 19. Bxd5 Nxd5 20. Ba5 Bd6 21. a3 Qd7 22. Rc2 Rfc8 23. Rec1 Bf4 24. Bd2 Rxc2 25. Rxc2 Bd6 26. Qd1 Rc8 27. Qc1 Rxc2 28. Qxc2 Qc7 29. Qxc7 Bxc7 30. g3 Bb6 31. Kf1 Kf8 32. Ke2 Ke7 33. Kd3 Kd6 34. h3 f6 35. Ne1 a5 36. Nc2 Ne7 37. Bf4+ Kd5 38. g4 g5 39. Bd2 Nc6 40. Ne3+ Kd6 41. Nc2 Ne7 42. f3 Kd5 1/2-1/2

[Event "Verbandsliga Nordbaden 1819"]
[Site "Baden"]
[Date "2019.03.10"]
[Round "7.5"]
[White "Gogollok, Carsten"]
[Black "Farmani Anosheh, Yasha"]
[Result "0-1"]
[WhiteElo "2005"]
[BlackElo "2147"]
[PlyCount "144"]
[EventDate "2018.10.14"]
[EventType "team-tourn"]
[EventRounds "9"]
[EventCountry "GER"]
[SourceTitle "EXT 2020"]
[Source "ChessBase"]
[SourceDate "2019.10.17"]
[SourceVersion "1"]
[SourceVersionDate "2019.10.17"]
[SourceQuality "1"]
[WhiteTeam "Buchen II"]
[BlackTeam "Ladenburg"]
[WhiteTeamCountry "GER"]
[BlackTeamCountry "GER"]

1. d4 Nf6 2. c4 e6 3. Nc3 Bb4 4. Nf3 0-0 5. Bd2 d5 6. e3 b6 7. a3 Be7 8. b4 Ba6 9. b5 Bb7 10. Be2 Nbd7 11. 0-0 Ne4 12. Nxe4 dxe4 13. Ne5 Nxe5 14. dxe5 Bc5 15. Bb4 Qg5 16. Bxc5 bxc5 17. Qd7 Qxe5 18. Rad1 g6 19. a4 Kg7 20. a5 a6 21. b6 Rac8 22. bxc7 Rxc7 23. Qd6 Qxd6 24. Rxd6 Kf6 25. Rb1 Ke7 26. Rd2 Rd8 27. Rxd8 Kxd8 28. Kf1 Rd7 29. Ke1 Kc7 30. Rb6 e5 31. Bd1 Rd6 32. Rb3 Bc8 33. Bc2 f5 34. Ke2 Be6 35. Rc3 Rd8 36. Bb3 Rb8 37. Kd2 Rb4 38. Kc2 Bd7 39. Kd2 Ba4 40. Bc2 Bxc2 41. Rxc2 Ra4 42. Kc3 Rxa5 43. Kb3 Ra1 44. g3 Rd1 45. Ra2 Kb6 46. Rb2 Rh1 47. h4 f4 48. Kc3+ Kc7 49. Ra2 Kb6 50. Rb2+ Ka7 51. Rd2 fxg3 52. fxg3 Rg1 53. Rd7+ Kb6 54. Rxh7 Rxg3 55. Kd2 Ka5 56. h5 Kb4 57. Rg7 g5 58. h6 Kxc4 59. Ra7 Rg2+ 60. Ke1 Kb5 61. Rb7+ Kc4 62. Ra7 Kd3 63. Rxa6 c4 64. Ra8 Rh2 65. Rh8 Kxe3 66. Kd1 Kd3 67. Rd8+ Kc3 68. Rh8 e3 69. h7 g4 70. Ke1 e4 71. Re8 Rxh7 72. Rxe4 Kd3 0-1

[Event "Verbandsliga Nordbaden 1718"]
[Site "Baden"]
[Date "2018.03.11"]
[Round "7.2"]
[White "Podat, Vladimir"]
[Black "Gogollok, Carsten"]
[Result "0-1"]
[WhiteElo "2371"]
[BlackElo "2005"]
[PlyCount "62"]
[EventDate "2017.10.08"]
[EventType "team-tourn"]
[EventRounds "9"]
[EventCountry "GER"]
[SourceTitle "EXT 2019"]
[Source "ChessBase"]
[SourceDate "2018.10.10"]
[SourceVersion "1"]
[SourceVersionDate "2018.10.10"]
[SourceQuality "1"]
[WhiteTeam "Heidelberg"]
[BlackTeam "Buchen II"]
[WhiteTeamCountry "GER"]
[BlackTeamCountry "GER"]

1. d4 d5 2. c4 e6 3. Nc3 Nf6 4. Bg5 Be7 5. e3 c6 6. Nf3 Nbd7 7. Qc2 h6 8. Bh4 0-0 9. Rd1 a6 10. c5 b6 11. b4 a5 12. a3 axb4 13. axb4 Nh5 14. Bxe7 Qxe7 15. Be2 Ba6 16. 0-0 Bxe2 17. Qxe2 f5 18. b5 Rfc8 19. cxb6 Rab8 20. Na4 Qb4 21. bxc6 Rxc6 22. Nc5 Nxc5 23. Ne5 Rcxb6 24. dxc5 Qxc5 25. Qxh5 Qc7 26. Nd3 Kh7 27. Nf4 Qd7 28. h3 Qe7 29. Qg6+ Kh8 30. Qxf5 exf5 31. Ng6+ Rxg6 0-1

[Event "Verbandsliga Nordbaden 1617"]
[Site "Baden"]
[Date "2017.05.14"]
[Round "9.1"]
[White "Gogollok, Carsten"]
[Black "Podat, Vladimir"]
[Result "0-1"]
[WhiteElo "2003"]
[BlackElo "2339"]
[PlyCount "54"]
[EventDate "2016.10.09"]
[EventType "team-tourn"]
[EventRounds "9"]
[EventCountry "GER"]
[SourceTitle "EXT 2022"]
[Source "ChessBase"]
[SourceDate "2021.10.06"]
[SourceVersion "1"]
[SourceVersionDate "2021.10.06"]
[SourceQuality "1"]
[WhiteTeam "Buchen II"]
[BlackTeam "Heidelberg"]
[WhiteTeamCountry "GER"]
[BlackTeamCountry "GER"]

1. d4 Nf6 2. c4 e6 3. Nc3 Bb4 4. Nf3 0-0 5. e3 d5 6. Bd2 b6 7. a3 Be7 8. b4 c5 9. bxc5 bxc5 10. dxc5 Bxc5 11. cxd5 exd5 12. Na4 Be7 13. Bb4 Nc6 14. Bxe7 Qxe7 15. Bb5 Ne5 16. Nxe5 Qxe5 17. Qd4 Qxd4 18. exd4 Rb8 19. Bd3 Re8+ 20. Kd2 Bd7 21. Nc5 Rb2+ 22. Kc3 Rxf2 23. Rhe1 Rc8 24. Re2 Ne4+ 25. Kb4 Nxc5 26. dxc5 Rf4+ 27. Ka5 Ra4# 0-1

[Event "Verbandsliga Nordbaden 1617"]
[Site "Baden"]
[Date "2017.01.29"]
[Round "5.4"]
[White "Gogollok, Carsten"]
[Black "Beer, Markus"]
[Result "0-1"]
[WhiteElo "2003"]
[BlackElo "2105"]
[PlyCount "70"]
[EventDate "2016.10.09"]
[EventType "team-tourn"]
[EventRounds "9"]
[EventCountry "GER"]
[SourceTitle "EXT 2022"]
[Source "ChessBase"]
[SourceDate "2021.10.06"]
[SourceVersion "1"]
[SourceVersionDate "2021.10.06"]
[SourceQuality "1"]
[WhiteTeam "Buchen II"]
[BlackTeam "Eppingen II"]
[WhiteTeamCountry "GER"]
[BlackTeamCountry "GER"]

1. d4 d6 2. c4 e5 3. dxe5 dxe5 4. Qxd8+ Kxd8 5. Nf3 f6 6. e4 Be6 7. Be3 Nd7 8. Nc3 c6 9. a3 a5 10. Na4 Kc7 11. Bd3 g6 12. Nd2 f5 13. f4 Bh6 14. 0-0 Ngf6 15. exf5 gxf5 16. Be2 Rhg8 17. Rae1 Rg6 18. Bd1 Rag8 19. g3 Ng4 20. Bxg4 Rxg4 21. Kh1 e4 22. Nc5 Nxc5 23. Bxc5 Bg7 24. b3 Rd8 25. Rf2 Bc3 26. Ree2 Rg7 27. Nb1 Rd1+ 28. Kg2 Rxb1 29. Re3 Bf6 30. Rd2 Rd7 31. Ree2 Rxd2 32. Rxd2 Rb2 33. Rxb2 Bxb2 34. a4 b5 35. cxb5 cxb5 0-1

[Event "Verbandsliga Nordbaden 1617"]
[Site "Baden"]
[Date "2016.10.09"]
[Round "1.7"]
[White "Hartmann, Martin"]
[Black "Gogollok, Carsten"]
[Result "1-0"]
[WhiteElo "1974"]
[BlackElo "2003"]
[PlyCount "87"]
[EventDate "2016.10.09"]
[EventType "team-tourn"]
[EventRounds "9"]
[EventCountry "GER"]
[SourceTitle "EXT 2022"]
[Source "ChessBase"]
[SourceDate "2021.10.06"]
[SourceVersion "1"]
[SourceVersionDate "2021.10.06"]
[SourceQuality "1"]
[WhiteTeam "Pforzheim"]
[BlackTeam "Buchen II"]
[WhiteTeamCountry "GER"]
[BlackTeamCountry "GER"]

1. e4 c5 2. Nf3 d6 3. d4 cxd4 4. Nxd4 Nf6 5. f3 g6 6. c4 Bg7 7. Be3 Nc6 8. Qd2 0-0 9. Nc3 Bd7 10. Rc1 Nxd4 11. Bxd4 a6 12. Be2 Qa5 13. 0-0 b5 14. Rfd1 b4 15. Bxf6 Bxf6 16. Nd5 Kg7 17. Nxb4 Bg5 18. Qc3+ Bf6 19. Qd2 Bg5 20. f4 Bxf4 21. Qxf4 Qxb4 22. Qd2 Qxd2 23. Rxd2 Bc6 24. c5 dxc5 25. Rxc5 Bxe4 26. Re5 Bb1 27. b3 e6 28. Rb2 f6 29. Re3 Bf5 30. g4 Bxg4 31. Bxg4 e5 32. Rc2 f5 33. Rc7+ Kh6 34. Be2 e4 35. Rh3+ Kg5 36. Rhxh7 Rfd8 37. Kf2 Rd2 38. Ke3 Rxa2 39. h4+ Kf6 40. Bc4 Ke5 41. Rhe7+ Kd6 42. Red7+ Ke5 43. Rc5+ Kf6 44. Rf7# 1-0

[Event "Vlissingen HZ op 20th"]
[Site "Vlissingen"]
[Date "2016.08.09"]
[Round "5"]
[White "De Boer, Eelke"]
[Black "Gogollok, Carsten"]
[Result "1-0"]
[WhiteElo "2183"]
[BlackElo "2006"]
[PlyCount "105"]
[EventDate "2016.08.06"]
[EventType "swiss"]
[EventRounds "9"]
[EventCountry "NED"]
[SourceTitle "CBM 173 Extra"]
[Source "ChessBase"]
[SourceDate "2016.08.29"]
[SourceVersion "1"]
[SourceVersionDate "2016.08.29"]
[SourceQuality "1"]

1. e4 c5 2. Nf3 d6 3. d4 cxd4 4. Nxd4 Nf6 5. Nc3 g6 6. Be3 Bg7 7. f3 Nc6 8. Qd2 a6 9. 0-0-0 Nxd4 10. Bxd4 Be6 11. g4 b5 12. g5 Nh5 13. Bxg7 Nxg7 14. Qd4 0-0 15. f4 Qc8 16. Kb1 Qc5 17. Nd5 Bxd5 18. Qxd5 Qxd5 19. Rxd5 Ne6 20. f5 Nxg5 21. Bd3 Nf3 22. a4 Ra7 23. c3 bxa4 24. Ra5 Rfa8 25. Kc2 Ne5 26. Be2 Nc6 27. Rxa4 a5 28. Rha1 gxf5 29. exf5 e6 30. Bb5 Rc7 31. Bxc6 Rxc6 32. Rxa5 Rac8 33. fxe6 fxe6 34. Rg5+ Kh8 35. Ra7 R6c7 36. Rxc7 Rxc7 37. b4 e5 38. Kd3 Rc6 39. c4 h6 40. Rg1 Ra6 41. Ke4 Ra4 42. Rb1 Kg7 43. Kd5 e4 44. Kxd6 e3 45. Kc5 e2 46. b5 Ra2 47. b6 Rd2 48. Re1 Rb2 49. Kc6 Kf7 50. b7 Rb4 51. Rxe2 Rxc4+ 52. Kb5 Rc1 53. Rb2 1-0

[Event "Verbandsliga Nordbaden 1516"]
[Site "Baden"]
[Date "2015.09.27"]
[Round "1.6"]
[White "Gogollok, Carsten"]
[Black "Weiss, Oliver"]
[Result "1/2-1/2"]
[WhiteElo "2006"]
[BlackElo "2268"]
[PlyCount "110"]
[EventDate "2015.09.27"]
[EventType "team-tourn"]
[EventRounds "9"]
[EventCountry "GER"]
[SourceTitle "EXT 2022"]
[Source "ChessBase"]
[SourceDate "2021.10.06"]
[SourceVersion "1"]
[SourceVersionDate "2021.10.06"]
[SourceQuality "1"]
[WhiteTeam "Buchen II"]
[BlackTeam "Hockenheim II"]
[WhiteTeamCountry "GER"]
[BlackTeamCountry "GER"]

1. d4 d5 2. c4 Nf6 3. Nc3 Bf5 4. Bf4 c6 5. cxd5 Nxd5 6. Nxd5 Qxd5 7. f3 Qa5+ 8. Bd2 Qb6 9. Bc3 e6 10. e4 Bg6 11. Bc4 Bb4 12. Ne2 0-0 13. Qd2 a5 14. a3 Bxc3 15. bxc3 Qc7 16. a4 Nd7 17. 0-0 Rfd8 18. Rfb1 Rab8 19. Rb2 Bh5 20. Qe3 Nb6 21. Bb3 Bg6 22. Qg5 Nd7 23. Bc2 f6 24. Qh4 e5 25. Bb3+ Bf7 26. Bxf7+ Kxf7 27. Qxh7 Rh8 28. Qf5 g6 29. Qg4 exd4 30. Nf4 Ne5 31. Qe6+ Kg7 32. cxd4 Nxf3+ 33. gxf3 Qxf4 34. Qd7+ Kf8 35. Rab1 Qe3+ 36. Kg2 Qf4 37. Kg1 Qe3+ 38. Kg2 Qf4 39. h3 b5 40. Qxc6 b4 41. Qc1 Qd6 42. Qc5 Qxc5 43. dxc5 Rc8 44. Rc1 Rc6 45. Rd2 Ke7 46. Rd5 Ke6 47. Kg3 g5 48. Rh1 Rhc8 49. Rc1 Rh8 50. Rcd1 Rhc8 51. Rd6+ Rxd6 52. Rxd6+ Ke7 53. Rd5 Rd8 54. Rf5 Rb8 55. Rd5 Rd8 1/2-1/2

[Event "Verbandsliga Nordbaden 1415"]
[Site "Baden"]
[Date "2015.02.08"]
[Round "6.3"]
[White "Gogollok, Carsten"]
[Black "Nippgen, Georg"]
[Result "0-1"]
[WhiteElo "2006"]
[BlackElo "2234"]
[PlyCount "90"]
[EventDate "2014.10.12"]
[EventType "team-tourn"]
[EventRounds "9"]
[EventCountry "GER"]
[SourceTitle "EXT 2022"]
[Source "ChessBase"]
[SourceDate "2021.10.06"]
[SourceVersion "1"]
[SourceVersionDate "2021.10.06"]
[SourceQuality "1"]
[WhiteTeam "Buchen II"]
[BlackTeam "Heidelberg"]
[WhiteTeamCountry "GER"]
[BlackTeamCountry "GER"]

1. d4 Nf6 2. c4 e6 3. Nc3 Bb4 4. Nf3 0-0 5. Bd2 b6 6. e3 Bb7 7. Be2 d5 8. a3 Be7 9. b4 Nbd7 10. 0-0 Ne4 11. Nxe4 dxe4 12. Ne5 f5 13. Nxd7 Qxd7 14. b5 g5 15. f3 Rac8 16. Bb4 Rfd8 17. Bxe7 Qxe7 18. fxe4 Bxe4 19. Bf3 Bxf3 20. Qxf3 c6 21. a4 cxb5 22. cxb5 Rc3 23. Rfc1 Rdc8 24. Rxc3 Rxc3 25. h3 Kg7 26. a5 bxa5 27. Rxa5 Rc1+ 28. Kf2 Qb4 29. Rxa7+ Kg6 30. Qe2 Rb1 31. Ra2 h5 32. Rd2 h4 33. Kf3 Qd6 34. Qf2 Qd5+ 35. Ke2 Qxb5+ 36. Kf3 Rf1 37. Rb2 Rxf2+ 38. Rxf2 Qd3 39. Re2 g4+ 40. hxg4 fxg4+ 41. Kf2 Kf5 42. Re1 Ke4 43. Re2 Qd1 44. Re1 g3+ 45. Kf1 Qg4 0-1

[Event "Verbandsliga Nordbaden 1415"]
[Site "Baden"]
[Date "2014.10.12"]
[Round "1.7"]
[White "Stemmler, Tim"]
[Black "Gogollok, Carsten"]
[Result "1-0"]
[WhiteElo "1961"]
[BlackElo "2006"]
[PlyCount "120"]
[EventDate "2014.10.12"]
[EventType "team-tourn"]
[EventRounds "9"]
[EventCountry "GER"]
[SourceTitle "EXT 2022"]
[Source "ChessBase"]
[SourceDate "2021.10.06"]
[SourceVersion "1"]
[SourceVersionDate "2021.10.06"]
[SourceQuality "1"]
[WhiteTeam "Ladenburg"]
[BlackTeam "Buchen II"]
[WhiteTeamCountry "GER"]
[BlackTeamCountry "GER"]

1. d4 d5 2. c4 e6 3. Nc3 Nf6 4. cxd5 exd5 5. Bg5 c6 6. Qc2 Be7 7. e3 Ne4 8. Bxe7 Kxe7 9. Nxe4 dxe4 10. Qxe4+ Be6 11. Qc2 Nd7 12. Bd3 Qa5+ 13. Qc3 Qxc3+ 14. bxc3 c5 15. Ne2 cxd4 16. cxd4 Rac8 17. Nf4 Bc4 18. Kd2 Rc6 19. Bxc4 Rxc4 20. Rhc1 Rhc8 21. Rxc4 Rxc4 22. Rc1 Rxc1 23. Kxc1 Kd6 24. Kc2 Kc6 25. e4 Kb5 26. Kb3 Nb6 27. Nh5 g6 28. Nf6 h5 29. g4 h4 30. f4 a5 31. f5 a4+ 32. Kc3 gxf5 33. exf5 Nc8 34. Ne4 Kc6 35. Kd3 b5 36. a3 Kd5 37. Nc3+ Kc6 38. g5 Nd6 39. g6 fxg6 40. fxg6 Ne8 41. Ke4 Kd6 42. Nxb5+ Ke6 43. d5+ Kf6 44. Nc3 Nd6+ 45. Kf4 Nc4 46. Nxa4 Kxg6 47. Nc5 Nxa3 48. d6 Kf6 49. Kg4 h3 50. Kxh3 Nc4 51. d7 Ke7 52. Kg4 Ne5+ 53. Kf5 Nf7 54. Kg6 Ne5+ 55. Kf5 Nf7 56. h4 Nd8 57. h5 Nf7 58. Kg6 Nd8 59. Kg7 Nf7 60. h6 Nd6 1-0

[Event "Oberliga Baden 0910"]
[Site "Germany"]
[Date "2010.01.24"]
[Round "5.8"]
[White "Gogollok, Carsten"]
[Black "Nekrasov, Mihail"]
[Result "0-1"]
[WhiteElo "2012"]
[BlackElo "2372"]
[PlyCount "84"]
[EventDate "2009.10.18"]
[EventType "team-tourn"]
[EventRounds "9"]
[EventCountry "GER"]
[SourceTitle "EXT 2011"]
[Source "ChessBase"]
[SourceDate "2010.11.26"]
[SourceVersion "1"]
[SourceVersionDate "2010.11.26"]
[SourceQuality "1"]
[WhiteTeam "Buchen"]
[BlackTeam "Hockenheim"]
[WhiteTeamCountry "GER"]
[BlackTeamCountry "GER"]

1. d4 d5 2. c4 e6 3. Nc3 Bb4 4. Nf3 Nf6 5. Bg5 Nbd7 6. e3 c5 7. cxd5 exd5 8. a3 Bxc3+ 9. bxc3 Qa5 10. Qb3 Ne4 11. Rc1 cxd4 12. exd4 Nxg5 13. Nxg5 0-0 14. Be2 Re8 15. Rc2 Nf6 16. 0-0 Bf5 17. Rb2 h6 18. Nf3 Ne4 19. Qb4 Qxb4 20. cxb4 Nc3 21. Bd1 Bd3 22. Re1 Rxe1+ 23. Nxe1 Nxd1 24. Rd2 Nxf2 25. Kxf2 Be4 26. Nd3 b6 27. Nf4 Rc8 28. Ne2 g5 29. g3 f5 30. Ke3 Kf7 31. Rb2 Ke6 32. a4 Rc4 33. Kd2 Bf3 34. Kd3 Kd6 35. Nc3 Be4+ 36. Nxe4+ fxe4+ 37. Ke3 Rc3+ 38. Ke2 Rd3 39. a5 Rxd4 40. b5 bxa5 41. Ra2 a4 42. Rc2 Rc4 0-1

[Event "Buchen Baroque op"]
[Site "Buchen"]
[Date "2009.12.26"]
[Round "1"]
[White "Gogollok, Carsten"]
[Black "Serafimov, Tervel"]
[Result "0-1"]
[WhiteElo "2012"]
[BlackElo "2415"]
[PlyCount "34"]
[EventDate "2009.12.26"]
[EventType "swiss"]
[EventRounds "7"]
[EventCountry "GER"]
[SourceTitle "CBM 134 Extra"]
[Source "ChessBase"]
[SourceDate "2010.03.03"]
[SourceVersion "1"]
[SourceVersionDate "2010.03.03"]
[SourceQuality "1"]

1. d4 d5 2. c4 e6 3. Nc3 Nf6 4. Bg5 Nbd7 5. e3 Be7 6. Nf3 0-0 7. Bd3 b6 8. a3 Bb7 9. b4 Ne4 10. Bxe7 Qxe7 11. Qc2 Nxc3 12. Qxc3 dxc4 13. Qxc4 c5 14. dxc5 Bxf3 15. gxf3 Qf6 16. Qd4 Ne5 17. Qe4 Nxd3+ 0-1

[Event "Stuttgart-chA int"]
[Site "Ditzingen"]
[Date "2009.05.21"]
[Round "3"]
[White "Gogollok, Carsten"]
[Black "Loewe, Joachim"]
[Result "0-1"]
[WhiteElo "2043"]
[BlackElo "1930"]
[PlyCount "186"]
[EventDate "2009.05.21"]
[EventType "swiss"]
[EventRounds "7"]
[EventCountry "GER"]
[SourceTitle "EXT 2018"]
[Source "ChessBase"]
[SourceDate "2017.10.13"]
[SourceVersion "1"]
[SourceVersionDate "2017.10.13"]
[SourceQuality "1"]

1. d4 d5 2. c4 e6 3. Nc3 Nf6 4. Bg5 c6 5. e3 Nbd7 6. Nf3 Qa5 7. Qb3 Ne4 8. Bf4 Bb4 9. Rc1 Nb6 10. Bc7 Qa4 11. Bd3 Qxb3 12. axb3 Nxc3 13. bxc3 dxc4 14. bxc4 Be7 15. Ra1 Nd7 16. 0-0 0-0 17. Rfb1 Bd8 18. Bf4 Re8 19. Nd2 e5 20. Bg3 Bc7 21. Bf5 Rd8 22. Nf3 Bb8 23. Bxd7 Rxd7 24. Bxe5 Bxe5 25. Nxe5 Rc7 26. c5 Be6 27. Rb4 f6 28. Nc4 Bxc4 29. Rxc4 Kf7 30. Rb1 Ke6 31. Rcb4 Rb8 32. Ra4 Ra8 33. Rba1 a6 34. Rb1 Rd8 35. f3 Rcd7 36. Rab4 Rb8 37. Rb6 Kd5 38. R1b4 a5 39. e4+ Ke6 40. Rxc6+ bxc6 41. Rxb8 Ra7 42. Rb3 f5 43. Kf2 f4 44. g3 g5 45. Ra3 a4 46. g4 Rb7 47. Rxa4 Rb2+ 48. Ke1 Rb1+ 49. Ke2 Rb2+ 50. Kd3 Rxh2 51. Ra6 Rf2 52. Rxc6+ Kf7 53. Rc7+ Kg6 54. c6 Rxf3+ 55. Kc4 Re3 56. Rxh7 Rxe4 57. c7 Re8 58. Rh3 Rc8 59. Kd5 Rxc7 60. c4 Rd7+ 61. Ke4 Re7+ 62. Kd3 Ra7 63. Ke4 Re7+ 64. Kd3 Ra7 65. Rh8 Kg7 66. Re8 Ra3+ 67. Kd2 Ra4 68. Rc8 Ra2+ 69. Kd3 Ra3+ 70. Ke2 Ra2+ 71. Kf3 Ra3+ 72. Kf2 Ra2+ 73. Kf3 Ra3+ 74. Ke4 Re3+ 75. Kf5 f3 76. Rc7+ Kf8 77. Kf6 Ke8 78. Rf7 Re4 79. Kg6 Rf4 80. Ra7 f2 81. Ra8+ Kd7 82. Ra7+ Kc8 83. Ra1 f1Q 84. Rxf1 Rxf1 85. Kxg5 Kd7 86. Kh6 Rf4 87. g5 Rxd4 88. g6 Ke7 89. c5 Kf8 90. c6 Kg8 91. Kg5 Kg7 92. Kf5 Rc4 93. Ke6 Rxc6+ 0-1

[Event "Stuttgart-chA int"]
[Site "Ditzingen"]
[Date "2009.05.21"]
[Round "2"]
[White "Leroy, Patrick"]
[Black "Gogollok, Carsten"]
[Result "1/2-1/2"]
[WhiteElo "1900"]
[BlackElo "2043"]
[PlyCount "52"]
[EventDate "2009.05.21"]
[EventType "swiss"]
[EventRounds "7"]
[EventCountry "GER"]
[SourceTitle "EXT 2018"]
[Source "ChessBase"]
[SourceDate "2017.10.13"]
[SourceVersion "1"]
[SourceVersionDate "2017.10.13"]
[SourceQuality "1"]

1. e4 c5 2. Nc3 Nc6 3. g3 g6 4. Bg2 Bg7 5. d3 e6 6. Nge2 Nge7 7. 0-0 0-0 8. Rb1 f5 9. Bg5 h6 10. Be3 b6 11. exf5 Nxf5 12. Bxc6 dxc6 13. Nf4 Kh7 14. Ne4 e5 15. Ng2 Be6 16. a3 Qe7 17. h4 Rad8 18. h5 g5 19. g4 Nd4 20. f3 c4 21. Ne1 c5 22. c3 Nc6 23. Qc2 cxd3 24. Nxd3 Kh8 25. Ndxc5 Bc4 26. Rfd1 Rxf3 1/2-1/2

[Event "Budapest FS08 FM-A"]
[Site "Budapest"]
[Date "2008.08.07"]
[Round "6"]
[White "Zoltan, Andras"]
[Black "Gogollok, Carsten"]
[Result "1/2-1/2"]
[WhiteElo "2078"]
[BlackElo "2043"]
[PlyCount "74"]
[EventDate "2008.08.02"]
[EventType "tourn"]
[EventRounds "11"]
[EventCountry "HUN"]
[SourceTitle "CBM 125 Extra"]
[Source "ChessBase"]
[SourceDate "2008.09.01"]
[SourceVersion "1"]
[SourceVersionDate "2008.09.01"]
[SourceQuality "1"]

1. e4 c5 2. Nf3 d6 3. Bb5+ Bd7 4. Bxd7+ Qxd7 5. 0-0 Nc6 6. d4 cxd4 7. Nxd4 Nf6 8. Nc3 g6 9. Bg5 Bg7 10. Nxc6 bxc6 11. Qd2 h6 12. Be3 Ng4 13. Rad1 Nxe3 14. Qxe3 Qc7 15. Na4 0-0 16. c4 Qa5 17. b3 c5 18. Rd5 Kh7 19. f4 e6 20. Qd2 Qxd2 21. Rxd2 Bd4+ 22. Kh1 f6 23. Rd3 e5 24. f5 g5 25. Nc3 Bxc3 26. Rxc3 Rf7 27. Rd3 Rd8 28. Kg1 a5 29. Rfd1 Rfd7 30. Kf2 h5 31. g3 Kg7 32. Ke2 Kf7 33. Kd2 Ke7 34. Kc3 Rb7 35. h4 g4 36. a4 Rdb8 37. Kc2 Rb6 1/2-1/2

[Event "Budapest FS08 FM-A"]
[Site "Budapest"]
[Date "2008.08.06"]
[Round "5"]
[White "Gogollok, Carsten"]
[Black "Csonka, Balazs"]
[Result "1/2-1/2"]
[WhiteElo "2043"]
[BlackElo "1955"]
[PlyCount "30"]
[EventDate "2008.08.02"]
[EventType "tourn"]
[EventRounds "11"]
[EventCountry "HUN"]
[SourceTitle "CBM 125 Extra"]
[Source "ChessBase"]
[SourceDate "2008.09.01"]
[SourceVersion "1"]
[SourceVersionDate "2008.09.01"]
[SourceQuality "1"]

1. d4 Nf6 2. c4 e6 3. Nc3 d5 4. Bg5 Nbd7 5. e3 Be7 6. Nf3 0-0 7. Rc1 c6 8. a3 a5 9. cxd5 exd5 10. Bd3 Re8 11. Qc2 Nf8 12. h3 Ne4 13. Bf4 Ng6 14. Bh2 f5 15. 0-0 Bd6 1/2-1/2

[Event "Budapest FS08 FM-A"]
[Site "Budapest"]
[Date "2008.08.02"]
[Round "1"]
[White "Gogollok, Carsten"]
[Black "Koczo, Kristof"]
[Result "0-1"]
[WhiteElo "2043"]
[BlackElo "2212"]
[PlyCount "116"]
[EventDate "2008.08.02"]
[EventType "tourn"]
[EventRounds "11"]
[EventCountry "HUN"]
[SourceTitle "CBM 125 Extra"]
[Source "ChessBase"]
[SourceDate "2008.09.01"]
[SourceVersion "1"]
[SourceVersionDate "2008.09.01"]
[SourceQuality "1"]

1. d4 d5 2. c4 c6 3. cxd5 cxd5 4. Nc3 Nf6 5. Nf3 Nc6 6. e3 a6 7. Bd3 Bg4 8. h3 Bh5 9. g4 Bg6 10. Bxg6 hxg6 11. g5 Ne4 12. Qb3 e6 13. Nxe4 dxe4 14. Ne5 Nxe5 15. dxe5 Qd5 16. Bd2 Qxb3 17. axb3 Rc8 18. Ke2 Be7 19. Rac1 Kd7 20. Ba5 Rxc1 21. Rxc1 Rc8 22. Rxc8 Kxc8 23. h4 f6 24. exf6 gxf6 25. h5 gxh5 26. g6 Bf8 27. f3 exf3+ 28. Kxf3 Kd7 29. Kg3 Ke8 30. Kh4 Bc5 31. e4 Kf8 32. Kxh5 Bd4 33. Kh6 Kg8 34. Bc3 Be3+ 35. Kh5 Kg7 36. e5 f5 37. Bb4 Bc1 38. Bc3 b5 39. Bd4 b4 40. Bc5 Bxb2 41. Bxb4 Bxe5 42. Be7 Bc3 43. Bg5 Kg8 44. Be3 Bf6 45. Kh6 e5 46. Bc5 f4 47. Kh5 Kg7 48. Bd6 f3 49. Bc5 e4 50. Kg4 Kxg6 51. Kf4 Bh4 52. Kxe4 f2 53. Bxf2 Bxf2 54. b4 Be1 55. b5 axb5 56. Kd5 b4 57. Kc4 Kf5 58. Kd3 b3 0-1

[Event "Buchen Baroque op"]
[Site "Buchen"]
[Date "2007.12.29"]
[Round "6"]
[White "Gogollok, Carsten"]
[Black "Kleinschroth, Roland"]
[Result "0-1"]
[WhiteElo "2080"]
[BlackElo "2167"]
[PlyCount "44"]
[EventDate "2007.12.26"]
[EventType "swiss"]
[EventRounds "7"]
[EventCountry "GER"]
[SourceTitle "CBM 122 Extra"]
[Source "ChessBase"]
[SourceDate "2008.03.04"]
[SourceVersion "1"]
[SourceVersionDate "2008.03.04"]
[SourceQuality "1"]

1. d4 d5 2. c4 e5 3. dxe5 d4 4. Nf3 Nc6 5. a3 Bg4 6. Bf4 Nge7 7. Nbd2 Ng6 8. Bg3 Qe7 9. b4 0-0-0 10. c5 Ncxe5 11. Nxe5 Nxe5 12. Bxe5 Qxe5 13. h3 Be6 14. Nf3 Qf6 15. Rc1 g6 16. c6 Bh6 17. cxb7+ Kb8 18. Rc6 Rhe8 19. Ra6 Qf5 20. Nxd4 Rxd4 21. Qxd4 Qb1+ 22. Qd1 Bd2+ 0-1

[Event "Baden-ch"]
[Site "Oberwinden"]
[Date "2007.04.12"]
[Round "9"]
[White "Klee, Helmut"]
[Black "Gogollok, Carsten"]
[Result "1/2-1/2"]
[WhiteElo "2221"]
[BlackElo "2062"]
[PlyCount "42"]
[EventDate "2007.04.06"]
[EventType "swiss"]
[EventRounds "11"]
[EventCountry "GER"]
[SourceTitle "CBM 117 Extra"]
[Source "ChessBase"]
[SourceDate "2007.05.09"]
[SourceVersion "1"]
[SourceVersionDate "2007.05.09"]
[SourceQuality "1"]

1. d4 d5 2. Nf3 c5 3. c4 e6 4. g3 Nc6 5. Bg2 dxc4 6. Qa4 Bd7 7. Qxc4 cxd4 8. Nxd4 Rc8 9. Nc3 Nf6 10. 0-0 Nxd4 11. Qxd4 Bc5 12. Qh4 Bc6 13. Bg5 Be7 14. Rad1 Qb6 15. Rd2 Bxg2 16. Kxg2 0-0 17. Rfd1 h6 18. Be3 Qc6+ 19. Kg1 Nd5 20. Qd4 Nxc3 21. Qxc3 Qxc3 1/2-1/2